000
00326nam a2200133Ia 4500
005
20260328104252.0
008
260328s9999||||xx |||||||||||||| ||und||
100
_a
Yabuka, Narelle
245
0
_a
Eco-Diseño :
_b
Cartón /
_c
Narelle Yabuka
260
_b
Links
300
_a
313 p.
650
_a
DISEÑO INDUSTRIAL
942
_c
BK
999
_c
10272
_d
10272